Guess the country by its Territories - Statistics

General Stats
  • This quiz has been taken 33 times
  • The average score is 18 of 20
Answer Stats
Territory Answer % Correct
Hong Kong China
100%
Greenland Denmark
100%
Canary Islands Spain
100%
Tasmania Australia
97%
Galápagos Ecuador
97%
Réunion France
97%
Azores Portugal
97%
Gibralter United Kingdom
97%
Guam United States
97%
Cook Islands New Zealand
94%
Svalbard Norway
94%
Christmas Island Australia
91%
Faroe Islands Denmark
91%
Corsica France
91%
Aruba Netherlands
88%
Zanzibar Tanzania
84%
Gotland Sweden
81%
Socotra Yemen
75%
Andaman Islands India
66%
Bioko Equatorial Guinea
34%
No matching quizzes found
Score Distribution
Percent of People with Each Score
Percentile by Number Answered
Your Score History
You have not taken this quiz